000 00603nam a2200217Ia 4500
005 20240314093443.0
008 131103s9999 xx 000 0 und d
040 _aLoreto College
041 _aEnglish
082 _a373
_bMAC
100 _aMcGrath,Fergal
245 4 _aThe Consecration of Learning
_b
_cFergal McGrath
250 _alectures on Newman's Idea of a University
260 _aDublin
_bGill and Son
_c1962
300 _ax,341 p.
504 _aIncludes bibliographical references and index
650 _aNewman
651 _aSecondary Education
850 _aLCLIB
942 _cBK
999 _c10645
_d61124